Applied Hydrogeology/ (Record no. 88156)

MARC details
000 -LEADER
fixed length control field 00624nam a2200193Ia 4500
010 ## - LCCN (DPL NO)
LC control number BAC-EN21
020 ## - INTERNATIONAL STANDARD BOOK NUMBER
International Standard Book Number 9789332535114
Terms of availability 749.00
035 ## - SYSTEM CONTROL NUMBER
System control number B-668073
037 ## - SOURCE OF ACQUISITION
Source of stock number/acquisition Techniz
Stock number dpl
082 ## - DEWEY DECIMAL CLASSIFICATION NUMBER
Classification number 551.49
100 ## - MAIN ENTRY--PERSONAL NAME
Personal name Fetter C.W
245 ## - TITLE STATEMENT
Title Applied Hydrogeology/
Statement of responsibility, etc by C.W. Fetter
250 ## - EDITION STATEMENT
Edition statement 4th ed
260 ## - PUBLICATION, DISTRIBUTION, ETC. (IMPRINT)
Date of publication, distribution, etc 2014
Place of publication, distribution, etc Delhi
Name of publisher, distributor, etc Pearson India
300 ## - PHYSICAL DESCRIPTION
Dimensions 28cm(pbk)
Extent 612p.
500 ## - GENERAL NOTE
General note Includes bibliographical references and index
942 ## - ADDED ENTRY ELEMENTS (KOHA)
Item type English Books
Source of classification or shelving scheme Dewey Decimal Classification
Classification part 551.49
Call number suffix FET
Holdings
Withdrawn status Lost status Not for loan Collection code Home library Current library Date acquired Source of acquisition Cost, normal purchase price Full call number Barcode Copy number Cost, replacement price Koha item type
      Non-fiction Ashok Vihar Ashok Vihar 04/07/2017 BPPD/EN/2014-15/AV/16-17/434/15.2.2017/17435/24.2.2017/ 18.3.2017 749.00 551.49 FET B-668073 1 749.00 English Books

© Delhi Public Library
Hit Counter
free hit counter